<?xml version="1.0" encoding="UTF-8"?>
<marc:record xmlns:marc="http://www.loc.gov/MARC21/slim">
   <marc:leader>00000nam a2200000 a 4500</marc:leader>
   <marc:datafield ind1="1" ind2=" " tag="100">
      <marc:subfield code="a">Coffin, Pierre</marc:subfield>
   </marc:datafield>
   <marc:datafield ind1="1" ind2=" " tag="100">
      <marc:subfield code="a">Renaud, Chris</marc:subfield>
   </marc:datafield>
   <marc:datafield ind1="0" ind2="0" tag="245">
      <marc:subfield code="a">Ich - Einfach Unverbesserlich 2 [Bildtonträger]</marc:subfield>
   </marc:datafield>
   <marc:datafield ind1="0" ind2="0" tag="245">
      <marc:subfield code="c">Regie: Chris Renaud, Pierre Coffin</marc:subfield>
   </marc:datafield>
   <marc:datafield ind1=" " ind2="1" tag="264">
      <marc:subfield code="b">Universal Pictures Germany GmbH</marc:subfield>
      <marc:subfield code="c">2016</marc:subfield>
   </marc:datafield>
   <marc:datafield ind1="1" ind2=" " tag="520">
      <marc:subfield code="a">Ex-Superschurke Gru lebt ein beschauliches Leben mit seinen Adoptivtöchtern Margo, Edith und Agnes. Als mysteriöse Vorfälle auf spektakuläre Pläne eines neuen Bösewichts hindeuten, bittet eine geheime Organisation Gru um Hilfe: Er soll die Welt retten - zusammen mit den Minions, die ihn hochmotiviert und mit blinder Begeisterung unterstützen.</marc:subfield>
   </marc:datafield>
   <marc:datafield ind1=" " ind2=" " tag="020">
      <marc:subfield code="a">5050582961188</marc:subfield>
      <marc:subfield code="9">5050582961188</marc:subfield>
   </marc:datafield>
   <marc:datafield ind1=" " ind2=" " tag="500">
      <marc:subfield code="a">Orig. : 2013. Sprache: German (Dolby Digital 5.1), English (Dolby Digital 5.1), Turkish (Dolby Digital 5.1). Untertitel: Deutsch, Englisch, Türkisch</marc:subfield>
   </marc:datafield>
   <marc:datafield ind1="0" ind2=" " tag="490">
      <marc:subfield code="v">0</marc:subfield>
   </marc:datafield>
   <marc:datafield ind1=" " ind2=" " tag="300">
      <marc:subfield code="a">1 DVD (94 Min.) : farbig</marc:subfield>
   </marc:datafield>
</marc:record>
